Traditional and non-traditional threats to central Asian security / (Record no. 56713)

MARC details
000 -LEADER
fixed length control field 00908nam a22002537a 4500
005 - DATE AND TIME OF LATEST TRANSACTION
control field 20110919153933.0
008 - FIXED-LENGTH DATA ELEMENTS--GENERAL INFORMATION
fixed length control field 110919t xxu||||| |||| 00| 0 eng d
010 ## - LCCN (DPL NO)
LC control number ENG-103727
020 ## - INTERNATIONAL STANDARD BOOK NUMBER
International Standard Book Number 9789380502830
Terms of availability 880.00
035 ## - SYSTEM CONTROL NUMBER
System control number EN-87260
037 ## - SOURCE OF ACQUISITION
Source of stock number/acquisition DBAD/PUB
040 ## - CATALOGING SOURCE
Original cataloging agency DPL
Language of cataloging Eng
100 ## - MAIN ENTRY--PERSONAL NAME
9 (RLIN) 34730
245 ## - TITLE STATEMENT
Title Traditional and non-traditional threats to central Asian security /
Statement of responsibility, etc edited by Ajay Patnaik [and] Anuradha M. Chenoy
260 ## - PUBLICATION, DISTRIBUTION, ETC. (IMPRINT)
Place of publication, distribution, etc New Delhi
Name of publisher, distributor, etc KW Publishers
Date of publication, distribution, etc 2011
270 ## - ADDRESS
Address 4676/21, First Floor, Ansari Road, daryaganj
City New Delhi
Postal code 110002
300 ## - PHYSICAL DESCRIPTION
Extent xxx,359p.
Dimensions 24cm (Hb)
500 ## - GENERAL NOTE
General note Includes bibliographical references
650 ## - SUBJECT ADDED ENTRY--TOPICAL TERM
9 (RLIN) 34754
700 ## - ADDED ENTRY--PERSONAL NAME
9 (RLIN) 34731
Personal name Patnaik, Ajay
700 ## - ADDED ENTRY--PERSONAL NAME
Personal name Chenoy, Anuradha M.
9 (RLIN) 34764
942 ## - ADDED ENTRY ELEMENTS (KOHA)
Source of classification or shelving scheme Dewey Decimal Classification
Item type English Books
Call number suffix TRA
Holdings
Withdrawn status Lost status Source of classification or shelving scheme Damaged status Not for loan Collection code Home library Current library Date acquired Source of acquisition Cost, normal purchase price Total Checkouts Full call number Barcode Date last seen Copy number Cost, replacement price Koha item type
    Dewey Decimal Classification   Not For Loan Non-fiction D.B.Act.Division D.B.Act.Division 19/09/2011 DBAD/PUB 880.00   TRA EN-87260 19/09/2011 1 880.00 English Books

© Delhi Public Library
Hit Counter
free hit counter